000 00400nam a2200169Ia 4500
008 221030s9999 xx 000 0 und d
020 _a8172247907
041 _aEnglish
082 _a105.23
_bLap
100 _aP. Laplante
245 0 _aUsing Unix
_cby P. Laplante, R. Martin
260 _bJaico Pub
_aMumbai
_c1999
300 _a225
650 _aBE Computer
700 _aR. Martin
942 _cBK
999 _c2248
_d2248